00613 2200241 4500001002100000005001500021035002000036245003800056250002000094300002900114264003700143336003600180337002000216338002700236082001000263084001600273020002200289600002400311990000900335990000900344990000900353990000900362INLIS00000000000232120260223012707 a0010-02260001531 aMengenal Tata Surya /cTim Cahaya aCetakan Pertama a48 hlm :bilust ;c25 cm aJakarta :bNobel Edumedia,c2008 2rdacontentaIlmu Murni (Fisika) 2rdamediaaFisik 2rdacarrieraHard Cover a523.2 a523.2 TIM m a978-602-8123-07-5 4aIlmu Murni (Fisika) a6899 a6900 a6901 a6902